200 najpiękniejszych roślin doniczkowych /

محفوظ في:
التفاصيل البيبلوغرافية
المؤلف الرئيسي: Heitz, Halina
مؤلف مشترك: Świat Książki (1994-2017)
مؤلفون آخرون: Kögel, Andrea, Kucharska, Dorota (Tłumaczenie), Jabłoński, Włodzimierz (Tłumaczenie)
التنسيق: كتاب
اللغة:البولندية
الألمانية
منشور في: Warszawa : "Świat Książki", 1995.
الموضوعات:
الوسوم: إضافة وسم
لا توجد وسوم, كن أول من يضع وسما على هذه التسجيلة!

MARC

LEADER 00000cam a2200000 i 4500
001 9912923456805606
005 20260515140225.0
008 030226s1995 pl a | |001 ||pol|c
020 |a 8371291175 
035 |a vtls000106921-48omnis_network 
035 |a zz2003903158 
035 |a (PL)b0000060011510 
040 |a LUBL U  |c LUBL U  |d WA N 
041 1 |a pol  |h ger 
080 |a 635.9 
090 |c 41  |d 40 
100 1 |a Heitz, Halina 
245 1 0 |a 200 najpiękniejszych roślin doniczkowych /  |c Halina Heitz, Andrea Kögel ; z niem. przeł. Dorota Kucharska, Włodzimierz Jabłoński. 
246 3 |a Dwieście najpięknieszych roślin doniczkowych 
246 1 |i Tyt. oryg.:  |a 200 schönsten Zimmerpflanzen 
260 |a Warszawa :  |b "Świat Książki",  |c 1995. 
300 |a 223, [1] s. :  |b il. ;  |c 22 cm. 
504 |a Indeks. 
650 |a Rośliny doniczkowe  |v poradniki. 
650 0 |a House plants 
700 1 |a Kögel, Andrea 
700 1 |a Kucharska, Dorota  |e Tłumaczenie 
700 1 |a Jabłoński, Włodzimierz  |e Tłumaczenie 
710 2 |a Świat Książki (1994-2017). 
920 |a 83-7129-117-5 
942 |c K 
952 |0 0  |1 0  |4 0  |6 R__21_000000000000000  |7 0  |9 39  |a RYT  |b RYT  |d 2026-03-17  |e 1/2026  |g 10.00  |l 0  |o R.21  |p 2000000000213  |r 2026-05-15 14:02:25  |w 2026-05-15  |y BK  |z da 
999 |c 39  |d 39